000 00664nam a2200277Ia 4500
005 20260324150008.0
008 008 260324s9999 xx 000 0 eng d
020 _a9781315763545
037 _aEBOOK
040 _aCRL
040 _beng
040 _cCRL
041 _2eng
041 _aeng
084 _qCRL
100 _aRoger Holmes
_91224904
245 0 _aLegitimacy and the Politics of the Knowable (RLE Social Theory)
260 _bTaylor and Francis
260 _c1976
365 _a
365 _b180
856 _uhttp://www.taylorfrancis.com/books/9781315763545
942 _cEBOOK
999 _c1833620
_d1833620